| 000 | 00358pab a2200145 454500 | ||
|---|---|---|---|
| 008 | 180718b2010 xxu||||| |||| 00| 0 eng d | ||
| 245 | _aDROUGHT by design: the man-made calamity in Bundelkhand | ||
| 260 | _c2010 | ||
| 300 | _ap.33-38. | ||
| 362 | _a30 Jan | ||
| 650 | _aDrought | ||
| 773 | _aEconomic and Political Weekly | ||
| 908 | _aN | ||
| 909 | _a85548 | ||
| 999 |
_c85548 _d85548 |
||